000 00653nam a2200277Ia 4500
005 20260324133134.0
008 008 260324s9999 xx 000 0 eng d
020 _a9780203060339
037 _aEBOOK
040 _aCRL
040 _beng
040 _cCRL
041 _2eng
041 _aeng
084 _qCRL
100 _aKobkua Suwannathat-Pian
_91191943
245 0 _aKings Countries & Constitutions - SEA NIP
260 _bTaylor and Francis
260 _c2003
365 _a
365 _b185
856 _uhttp://www.taylorfrancis.com/books/9780203060339
942 _cEBOOK
999 _c1790726
_d1790726